[Event "GBR-ch 103th"]
[Site "Bournemouth"]
[Date "2016.07.27"]
[Round "3.30"]
[White "Crocker, Philip J"]
[Black "Golding, James"]
[Result "0-1"]
[WhiteElo "2122"]
[BlackElo "1991"]
[PlyCount "76"]
[EventDate "2016.07.25"]
[EventType "swiss"]
[EventRounds "11"]
[EventCountry "GBR"]

1. c4 e6 2. g3 d5 3. Bg2 c5 4. Nf3 Nc6 5. O-O Nf6 6. b3 Be7 7. Bb2 O-O 8. e3 b6
9. Nc3 dxc4 10. bxc4 Bb7 11. Qe2 Qc7 12. Rac1 a6 13. d4 cxd4 14. exd4 Rfd8 15.
Nd1 Rac8 16. Ne3 Qb8 17. Rfd1 Na7 18. d5 exd5 19. Nf5 Bf8 20. Bxf6 gxf6 21.
Ne7+ Bxe7 22. Qxe7 Rd6 23. Rd4 Qc7 24. Qxc7 Rxc7 25. Nh4 Nb5 26. Rg4+ Kf8 27.
Nf5 Re6 28. Rh4 Re5 29. g4 Rxc4 30. Rxc4 Re1+ 31. Bf1 dxc4 32. Rxh7 Kg8 33.
Rg7+ Kf8 34. Rh7 Ke8 35. Rh3 c3 36. Re3+ Rxe3 37. Nxe3 Be4 38. a4 Nc7 0-1

[Event "GBR-ch 103th"]
[Site "Bournemouth"]
[Date "2016.07.27"]
[Round "3.31"]
[White "Clark, Ian C"]
[Black "Bicknell, Carl"]
[Result "1/2-1/2"]
[WhiteElo "1963"]
[BlackElo "2121"]
[PlyCount "103"]
[EventDate "2016.07.25"]
[EventType "swiss"]
[EventRounds "11"]
[EventCountry "GBR"]

1. e4 c5 2. Nf3 d6 3. d4 cxd4 4. Nxd4 Nf6 5. Nc3 a6 6. Be3 Ng4 7. Bg5 h6 8. Bc1
Nc6 9. Nxc6 bxc6 10. Bc4 e5 11. h3 Nf6 12. O-O Be7 13. Bb3 O-O 14. f4 Be6 15.
fxe5 Qb6+ 16. Kh2 dxe5 17. Qf3 c5 18. Be3 Qc7 19. Bxe6 fxe6 20. Qg3 Kh7 21.
Rae1 c4 22. a3 Bc5 23. Bxc5 Qxc5 24. h4 Rab8 25. Qh3 Qc6 26. Nd1 Nxe4 27. Qe3
Rxf1 28. Rxf1 Nf6 29. Kh3 e4 30. Qc3 Qb5 31. g4 e5 32. Rf5 h5 33. Rxe5 Qd7 34.
Nf2 hxg4+ 35. Kg2 Qb7 36. Qxc4 Qxb2 37. Nxg4 Nxg4 38. Qxe4+ Kg8 39. Re8+ Rxe8
40. Qxe8+ Kh7 41. Qe4+ Kh6 42. Qf4+ Kh7 43. Qe4+ g6 44. Qxg4 Qxc2+ 45. Kg1 Qc1+
46. Kg2 Qxa3 47. Qd7+ Kh6 48. Qd2+ Kg7 49. Qd4+ Kf7 50. Qf4+ Ke8 51. Qe4+ Kf7
52. Qf4+ 1/2-1/2

[Event "GBR-ch 103th"]
[Site "Bournemouth"]
[Date "2016.07.27"]
[Round "3.32"]
[White "Hewson, Brian Wr"]
[Black "Starley, Robert"]
[Result "1/2-1/2"]
[WhiteElo "2082"]
[BlackElo "2001"]
[PlyCount "107"]
[EventDate "2016.07.25"]
[EventType "swiss"]
[EventRounds "11"]
[EventCountry "GBR"]

1. d4 Nf6 2. Nf3 d5 3. c4 e6 4. Nc3 c6 5. e3 Bd6 6. Qc2 O-O 7. Bd3 Nbd7 8. O-O
dxc4 9. Bxc4 e5 10. Rd1 Qc7 11. dxe5 Nxe5 12. Nxe5 Bxe5 13. f4 Bd6 14. h3 Re8
15. Qd3 Bc5 16. Kh1 b5 17. Bb3 b4 18. Na4 Ne4 19. Qc2 Bd6 20. Bc4 Bf5 21. Bd3
Ng3+ 22. Kg1 Bxd3 23. Rxd3 Ne4 24. Bd2 c5 25. b3 g5 26. Rf1 Qe7 27. Be1 Rad8
28. Nb2 Bc7 29. Rxd8 Rxd8 30. Nc4 f5 31. Qe2 gxf4 32. exf4 Qg7 33. Bh4 Rd4 34.
Qh5 Qg6 35. Qf3 Qh6 36. Bg5 Nxg5 37. fxg5 Qxg5 38. Qxf5 Qxf5 39. Rxf5 Rd1+ 40.
Rf1 Rxf1+ 41. Kxf1 Kf7 42. Ke2 Ke6 43. Kd3 a6 44. Ke4 Bg3 45. Ne3 Bf2 46. Nd5
Bg3 47. Nb6 Bc7 48. Nc4 Bg3 49. Kf3 Bc7 50. g4 Kd5 51. Ke3 Bd8 52. Kd3 Bg5 53.
Nb6+ Kc6 54. Nc4 1/2-1/2

[Event "GBR-ch 103th"]
[Site "Bournemouth"]
[Date "2016.07.27"]
[Round "3.33"]
[White "Zhu, Richard"]
[Black "Mitra, Roman C"]
[Result "1-0"]
[WhiteElo "1905"]
[BlackElo "2073"]
[PlyCount "81"]
[EventDate "2016.07.25"]
[EventType "swiss"]
[EventRounds "11"]
[EventCountry "GBR"]

1. Nf3 c6 2. g3 d6 3. Bg2 Qc7 4. O-O g6 5. d4 Bg7 6. c4 Bg4 7. Nc3 Nf6 8. e4
Nbd7 9. Be3 O-O 10. Qc2 Bxf3 11. Bxf3 a6 12. h3 e5 13. Rad1 Rab8 14. Be2 Rfc8
15. b4 exd4 16. Bxd4 b5 17. cxb5 axb5 18. Qd2 Rd8 19. Rc1 Qb7 20. f3 Ra8 21.
Rfd1 h5 22. Kg2 Nf8 23. f4 Qe7 24. Bf3 Ne8 25. Ne2 c5 26. Bxg7 Nxg7 27. Nc3
Rab8 28. Nd5 Qe6 29. bxc5 dxc5 30. Rxc5 Nd7 31. Rc6 Qe8 32. Rd6 Kh8 33. Nf6 Qe7
34. Rxd7 Rxd7 35. Nxd7 Rd8 36. f5 Ne8 37. Qh6+ Kg8 38. fxg6 f6 39. Qh7+ Qxh7
40. gxh7+ Kg7 41. Bxh5 1-0

[Event "GBR-ch 103th"]
[Site "Bournemouth"]
[Date "2016.07.27"]
[Round "3.34"]
[White "Hand, Freddie"]
[Black "Keely, Leo A"]
[Result "1-0"]
[WhiteElo "2062"]
[BlackElo "1938"]
[PlyCount "71"]
[EventDate "2016.07.25"]
[EventType "swiss"]
[EventRounds "11"]
[EventCountry "GBR"]

1. d4 Nf6 2. c4 g6 3. f3 Bg7 4. e4 d6 5. Nc3 O-O 6. Be3 c5 7. Nge2 Nc6 8. d5
Ne5 9. Ng3 e6 10. Be2 exd5 11. cxd5 a6 12. a4 b6 13. O-O Rb8 14. Qd2 Re8 15. h3
Ned7 16. Rfb1 Qc7 17. b4 h5 18. Rc1 Kh7 19. Rab1 h4 20. Nf1 Nh5 21. Qe1 Bf6 22.
f4 Ng3 23. Nxg3 hxg3 24. Qxg3 Qd8 25. Bd3 Bb7 26. e5 dxe5 27. f5 Nf8 28. Rf1 c4
29. Bc2 e4 30. Nxe4 Be5 31. fxg6+ fxg6 32. Ng5+ Kg8 33. Rxf8+ Kxf8 34. Nh7+ Kg8
35. Qxg6+ Kh8 36. Nf6 1-0

[Event "GBR-ch 103th"]
[Site "Bournemouth"]
[Date "2016.07.27"]
[Round "3.35"]
[White "Shepherd, Katherine M"]
[Black "Birkett, Richard"]
[Result "1/2-1/2"]
[WhiteElo "1932"]
[BlackElo "2053"]
[PlyCount "98"]
[EventDate "2016.07.25"]
[EventType "swiss"]
[EventRounds "11"]
[EventCountry "GBR"]

1. d4 f5 2. g3 Nf6 3. Bg2 e6 4. Nf3 Be7 5. O-O O-O 6. c4 d6 7. Nc3 Qe8 8. Qc2
Qg6 9. Re1 Ne4 10. Bf4 Nd7 11. Nxe4 fxe4 12. Nd2 e3 13. Qxg6 exf2+ 14. Kxf2
hxg6 15. Kg1 e5 16. dxe5 dxe5 17. Be3 Nf6 18. h3 Be6 19. b3 Rad8 20. Kh2 Bb4
21. Red1 Bf5 22. Nf3 Bc3 23. Rxd8 Rxd8 24. Rf1 Be4 25. Ng5 Bxg2 26. Kxg2 Rd6
27. Rxf6 gxf6 28. Ne4 Bd4 29. Nxd6 Bxe3 30. Ne8 Kf7 31. Nxc7 e4 32. Nd5 Bc1 33.
Nc3 f5 34. Nb5 a6 35. Nd6+ Ke7 36. Nxb7 Ba3 37. c5 Kd7 38. Na5 Bxc5 39. Nc4 Ke6
40. e3 Kd5 41. Kf2 Be7 42. g4 Bd8 43. Ke2 Bg5 44. gxf5 gxf5 45. Nb6+ Kc6 46.
Nc4 f4 47. exf4 Bxf4 48. Ne3 Kc5 49. Nc2 Bg5 1/2-1/2

[Event "GBR-ch 103th"]
[Site "Bournemouth"]
[Date "2016.07.27"]
[Round "3.36"]
[White "Dilleigh, Stephen P"]
[Black "Dalton, Joseph"]
[Result "1/2-1/2"]
[WhiteElo "2053"]
[BlackElo "1928"]
[PlyCount "52"]
[EventDate "2016.07.25"]
[EventType "swiss"]
[EventRounds "11"]
[EventCountry "GBR"]

1. Nf3 d5 2. d4 Nf6 3. c4 e6 4. Nc3 Be7 5. cxd5 exd5 6. Bg5 c6 7. e3 O-O 8. Bd3
h6 9. Bf4 Be6 10. O-O Nbd7 11. Qc2 Bg4 12. Ne5 Nxe5 13. Bxe5 Bd6 14. Bxd6 Qxd6
15. Bf5 Rfe8 16. Bxg4 Nxg4 17. g3 Nf6 18. Rab1 h5 19. Qf5 g6 20. Qf3 Ne4 21.
Nxe4 Rxe4 22. h4 a5 23. a3 a4 24. Rfc1 Re7 25. Rc3 Ra6 26. Kg2 Kg7 1/2-1/2

[Event "GBR-ch 103th"]
[Site "Bournemouth"]
[Date "2016.07.27"]
[Round "3.37"]
[White "Bridge, Neil A"]
[Black "Varney, Zoe"]
[Result "0-1"]
[WhiteElo "2044"]
[BlackElo "1818"]
[PlyCount "116"]
[EventDate "2016.07.25"]
[EventType "swiss"]
[EventRounds "11"]
[EventCountry "GBR"]

1. d4 d5 2. c4 c6 3. Nf3 Nf6 4. Nc3 e6 5. g3 Nbd7 6. Bg2 Bd6 7. O-O O-O 8. Nd2
Bc7 9. e4 dxe4 10. Ndxe4 Nxe4 11. Nxe4 Nb6 12. b3 e5 13. Bb2 f5 14. Nc5 exd4
15. f4 Qd6 16. Qxd4 Qxd4+ 17. Bxd4 Bd8 18. Rfe1 g5 19. Bf3 gxf4 20. gxf4 Nd7
21. Ne6 Bf6 22. Bxf6 Rxf6 23. Nc7 Rb8 24. Re8+ Rf8 25. Rae1 Nf6 26. Rxf8+ Kxf8
27. Ne6+ Kf7 28. Nc5 b6 29. Nd3 c5 30. Ne5+ Kf8 31. Nc6 Rb7 32. Rd1 Rg7+ 33.
Kf2 Bb7 34. Rd8+ Ne8 35. Ne5 Bxf3 36. Kxf3 Rc7 37. Nd3 Ke7 38. Rd5 Rd7 39.
Rxd7+ Kxd7 40. Kg3 Nf6 41. Kh4 h6 42. Ne5+ Ke6 43. Nc6 a6 44. Nb8 Kd6 45. Nxa6
Kc6 46. b4 Kb7 47. b5 Ng4 48. a4 Nxh2 49. a5 Nf3+ 50. Kh5 Nd2 51. axb6 Kxb6 52.
Nb8 Nxc4 53. Kxh6 Kxb5 54. Kg6 Ne3 55. Nd7 c4 56. Ne5 Kc5 57. Kf6 Kd4 58. Nc6+
Ke4 0-1

[Event "GBR-ch 103th"]
[Site "Bournemouth"]
[Date "2016.07.27"]
[Round "3.38"]
[White "Menadue, Jeremy FS"]
[Black "Jina, Taran"]
[Result "1-0"]
[WhiteElo "2034"]
[BlackElo "1764"]
[PlyCount "55"]
[EventDate "2016.07.25"]
[EventType "swiss"]
[EventRounds "11"]
[EventCountry "GBR"]

1. d4 Nf6 2. c4 e6 3. Nc3 Bb4 4. Nf3 Nc6 5. Bg5 h6 6. Bh4 g5 7. Bg3 Ne4 8. Qc2
d5 9. e3 h5 10. Ne5 Nxe5 11. Bxe5 f6 12. Qa4+ c6 13. Qxb4 fxe5 14. Nxe4 dxe4
15. dxe5 Qc7 16. Qc3 c5 17. Rd1 b6 18. Rd6 Ke7 19. Be2 Bb7 20. O-O Rag8 21.
Rfd1 Bc6 22. b4 g4 23. Qa3 Be8 24. bxc5 bxc5 25. Qa6 Rh6 26. Rb1 Kf8 27. Rb7
Qc8 28. Rf7+ 1-0

[Event "GBR-ch 103th"]
[Site "Bournemouth"]
[Date "2016.07.27"]
[Round "3.39"]
[White "Modi, Shyam Jagdish"]
[Black "Walker, Samuel A"]
[Result "0-1"]
[WhiteElo "1655"]
[BlackElo "2022"]
[PlyCount "101"]
[EventDate "2016.07.25"]
[EventType "swiss"]
[EventRounds "11"]
[EventCountry "GBR"]

1. e4 d5 2. exd5 Qxd5 3. Nc3 Qd6 4. d4 Nf6 5. Nf3 a6 6. g3 Bg4 7. Bg2 Nc6 8.
Bf4 Qe6+ 9. Ne2 Qd5 10. Nc3 Qe6+ 11. Ne2 Qd5 12. Nc3 Qe6+ 13. Ne2 O-O-O 14. O-O
h6 15. c3 g5 16. Bd2 Ne4 17. b4 Bh3 18. a4 Bxg2 19. Kxg2 Qd5 20. Kg1 Bg7 21.
Be3 e5 22. Nxe5 Nxe5 23. dxe5 Bxe5 24. Qxd5 Rxd5 25. Rac1 Rhd8 26. Bd4 Nd2 27.
Rfd1 Nf3+ 28. Kg2 Nxd4 29. Nxd4 Bxd4 30. cxd4 Rxd4 31. Rxd4 Rxd4 32. Rb1 b6 33.
Kf3 Kd7 34. Ke3 Rd6 35. f4 f5 36. fxg5 hxg5 37. h4 f4+ 38. gxf4 gxh4 39. Kf3
Rh6 40. Kg4 h3 41. Kg5 Rh8 42. Kg6 h2 43. Rh1 Ke7 44. Re1+ Kd6 45. Rh1 Rg8+ 46.
Kf7 Rg2 47. f5 Ke5 48. f6 Kf4 49. Ke7 Kg3 50. Rf1 Rg1 51. f7 0-1

[Event "GBR-ch 103th"]
[Site "Bournemouth"]
[Date "2016.07.27"]
[Round "3.40"]
[White "Grieve, Harry"]
[Black "Talbot, Nathan L"]
[Result "1/2-1/2"]
[WhiteElo "1994"]
[BlackElo "2108"]
[PlyCount "102"]
[EventDate "2016.07.25"]
[EventType "swiss"]
[EventRounds "11"]
[EventCountry "GBR"]

1. e4 e6 2. d4 d5 3. Nd2 Nf6 4. e5 Nfd7 5. Bd3 c5 6. c3 Nc6 7. Ne2 Qb6 8. Nf3
cxd4 9. cxd4 Bb4+ 10. Bd2 Bxd2+ 11. Qxd2 Qb4 12. O-O Qxd2 13. Nxd2 Nb4 14. Bb5
a6 15. a3 Nc2 16. Bxd7+ Bxd7 17. Rac1 Bb5 18. Rxc2 Bxe2 19. Rfc1 O-O 20. Rc7 b6
21. f4 a5 22. R1c6 Rab8 23. Rd6 h5 24. f5 Bg4 25. fxe6 Bxe6 26. Nf3 Rfc8 27.
Rxc8+ Rxc8 28. Rxb6 Bf5 29. Rb5 Be4 30. Ng5 a4 31. Ra5 g6 32. Nxe4 dxe4 33.
Rxa4 Rc2 34. Rb4 e3 35. Kf1 Rf2+ 36. Ke1 Rxg2 37. a4 Rxh2 38. d5 h4 39. d6 h3
40. Rh4 Kg7 41. a5 g5 42. d7 Rd2 43. Rxh3 Rxd7 44. Rxe3 Rb7 45. b3 Rb5 46. a6
Ra5 47. e6 Kf8 48. exf7 Rxa6 49. Rf3 Ra7 50. Rf5 Rb7 51. Rxg5 Rxb3 1/2-1/2

[Event "GBR-ch 103th"]
[Site "Bournemouth"]
[Date "2016.07.27"]
[Round "3.41"]
[White "Elwin, Adrian G"]
[Black "Wager, John D"]
[Result "1-0"]
[WhiteElo "1992"]
[BlackElo "2053"]
[PlyCount "51"]
[EventDate "2016.07.25"]
[EventType "swiss"]
[EventRounds "11"]
[EventCountry "GBR"]

1. d4 d5 2. c4 c6 3. Nc3 Nf6 4. Nf3 e6 5. Qb3 Bd6 6. Bg5 Nbd7 7. e3 O-O 8. Bd3
b6 9. cxd5 exd5 10. O-O h6 11. Bh4 Re8 12. Rac1 Bb7 13. Qc2 Rc8 14. Bf5 Rc7 15.
e4 dxe4 16. Nxe4 Bf4 17. Rce1 g5 18. Bg3 Bxg3 19. fxg3 Nxe4 20. Bxe4 Nf6 21.
Bd3 Rce7 22. Rxe7 Rxe7 23. Qf2 Ng4 24. Qd2 c5 25. dxc5 Bxf3 26. Bh7+ 1-0

[Event "GBR-ch 103th"]
[Site "Bournemouth"]
[Date "2016.07.27"]
[Round "3.42"]
[White "Moreby, James E"]
[Black "Brewer, Callum D"]
[Result "1-0"]
[WhiteElo "2040"]
[BlackElo "1988"]
[PlyCount "41"]
[EventDate "2016.07.25"]
[EventType "swiss"]
[EventRounds "11"]
[EventCountry "GBR"]

1. c4 Nf6 2. Nc3 e5 3. Nf3 Nc6 4. e4 Bc5 5. Nxe5 Nxe5 6. d4 Bb4 7. dxe5 Nxe4 8.
Qd4 Nxc3 9. bxc3 Be7 10. Qg4 g6 11. Qg3 d6 12. Bh6 Bh4 13. Qe3 dxe5 14. Bg7 Rg8
15. Bxe5 Be6 16. Rb1 b6 17. Be2 Bf6 18. Rd1 Qe7 19. Qf3 Rd8 20. Rxd8+ Qxd8 21.
Bxf6 1-0

[Event "GBR-ch 103th"]
[Site "Bournemouth"]
[Date "2016.07.27"]
[Round "3.43"]
[White "Davis, Lee"]
[Black "Pleasants, Allan J"]
[Result "1/2-1/2"]
[WhiteElo "1946"]
[BlackElo "2038"]
[PlyCount "40"]
[EventDate "2016.07.25"]
[EventType "swiss"]
[EventRounds "11"]
[EventCountry "GBR"]

1. d4 Nf6 2. g3 d5 3. Bg2 c6 4. Nf3 Bf5 5. O-O e6 6. c4 Nbd7 7. Nc3 Be7 8. Nd2
O-O 9. e4 dxe4 10. Ndxe4 Nxe4 11. Nxe4 Nf6 12. Nc3 Rc8 13. Be3 a6 14. Qd2 b5
15. cxb5 cxb5 16. Rac1 Qd7 17. a3 b4 18. axb4 Bxb4 19. Qe2 a5 20. Rfd1 Nd5
1/2-1/2

[Event "GBR-ch 103th"]
[Site "Bournemouth"]
[Date "2016.07.28"]
[Round "4.1"]
[White "Tan, Justin"]
[Black "Howell, David WL"]
[Result "1/2-1/2"]
[WhiteElo "2438"]
[BlackElo "2663"]
[PlyCount "40"]
[EventDate "2016.07.25"]
[EventType "swiss"]
[EventRounds "11"]
[EventCountry "GBR"]

1. e4 c6 2. d4 d5 3. exd5 cxd5 4. c4 Nf6 5. Nc3 e6 6. Nf3 Bb4 7. Bd3 dxc4 8.
Bxc4 O-O 9. O-O b6 10. Qe2 Bb7 11. Rd1 Bxc3 12. bxc3 Qc7 13. Bd3 Nbd7 14. c4
Rfe8 15. Bb2 Rad8 16. a4 Bc6 17. Ne5 Nxe5 18. dxe5 Nd7 19. Bc2 Nc5 20. Bd4 Rd7
1/2-1/2

[Event "GBR-ch 103th"]
[Site "Bournemouth"]
[Date "2016.07.28"]
[Round "4.3"]
[White "Jones, Gawain CB"]
[Black "Ward, Chris G"]
[Result "1-0"]
[WhiteElo "2650"]
[BlackElo "2437"]
[PlyCount "89"]
[EventDate "2016.07.25"]
[EventType "swiss"]
[EventRounds "11"]
[EventCountry "GBR"]

1. e4 c5 2. Nf3 Nc6 3. Bb5 d6 4. O-O Bd7 5. Re1 a6 6. Bxc6 Bxc6 7. d4 cxd4 8.
Qxd4 Nf6 9. Bg5 e6 10. Nbd2 Be7 11. Nc4 O-O 12. Bxf6 Bxf6 13. Qxd6 Qxd6 14.
Nxd6 Rad8 15. Nc4 b5 16. Nce5 Bb7 17. Re2 a5 18. a3 b4 19. h4 Ba6 20. Ree1 Bb5
21. b3 Rc8 22. axb4 axb4 23. Ra5 Rb8 24. Ra7 Bxe5 25. Nxe5 f6 26. Ng4 h5 27.
Ne3 Rf7 28. Rea1 Rd8 29. Rxf7 Kxf7 30. Ra7+ Rd7 31. Rxd7+ Bxd7 32. Nc4 Ke7 33.
Nb2 Kd6 34. Nd3 Bb5 35. Nxb4 Ke5 36. f3 Kd4 37. Na2 Ke3 38. Nc3 Be8 39. Na4 e5
40. Nc5 g5 41. Kh2 Kd4 42. Ne6+ Kc3 43. Nc7 Bc6 44. Nd5+ Kxc2 45. Nb4+ 1-0

[Event "GBR-ch 103th"]
[Site "Bournemouth"]
[Date "2016.07.28"]
[Round "4.4"]
[White "Kolbus, Dietmar"]
[Black "Pert, Nicholas"]
[Result "0-1"]
[WhiteElo "2315"]
[BlackElo "2570"]
[PlyCount "74"]
[EventDate "2016.07.25"]
[EventType "swiss"]
[EventRounds "11"]
[EventCountry "GBR"]

1. c4 e5 2. g3 Nc6 3. Bg2 Bc5 4. Nc3 d6 5. Na4 Nge7 6. Nxc5 dxc5 7. d3 Be6 8.
Nf3 f6 9. Nd2 Qd7 10. Ne4 b6 11. h4 O-O 12. Qa4 Rad8 13. Nc3 Qe8 14. Be3 Bd7
15. Nd5 Nxd5 16. Bxd5+ Kh8 17. Bg2 Nd4 18. Qd1 Bc6 19. O-O Bxg2 20. Kxg2 e4 21.
Bxd4 Rxd4 22. Rc1 f5 23. f4 Rf6 24. Rc3 Rfd6 25. b3 h6 26. Kh2 Qh5 27. Qd2 Re6
28. e3 Rd7 29. Qd1 Qe8 30. Rf2 Red6 31. Rd2 Qd8 32. Kg1 Qf6 33. Rc1 Rxd3 34.
Rxd3 Rxd3 35. Qe2 Qd6 36. Rc2 Rxe3 37. Qxe3 Qd1+ 0-1

[Event "GBR-ch 103th"]
[Site "Bournemouth"]
[Date "2016.07.28"]
[Round "4.5"]
[White "Hebden, Mark L"]
[Black "Wells, Peter K"]
[Result "1/2-1/2"]
[WhiteElo "2509"]
[BlackElo "2419"]
[PlyCount "72"]
[EventDate "2016.07.25"]
[EventType "swiss"]
[EventRounds "11"]
[EventCountry "GBR"]

1. d4 Nf6 2. Nf3 d5 3. c3 c5 4. Bf4 Nc6 5. e3 Qb6 6. Qb3 c4 7. Qc2 Bf5 8. Qc1
e6 9. Nbd2 Qd8 10. Be2 Be7 11. h3 h6 12. b3 b5 13. a4 a6 14. O-O O-O 15. Qb2
Qd7 16. Rfc1 Rfc8 17. Bd1 Ne4 18. Nxe4 Bxe4 19. b4 Bxf3 20. Bxf3 bxa4 21. e4 a5
22. exd5 exd5 23. b5 Nb4 24. cxb4 axb4 25. b6 b3 26. Qe2 a3 27. Bxd5 Qxd5 28.
Qxe7 Re8 29. Qc5 Qe4 30. b7 Qxb7 31. Rxa3 b2 32. Rb1 Qe4 33. Rxb2 Qxf4 34. Rxa8
Rxa8 35. Rb1 Ra2 36. Rf1 Rd2 1/2-1/2

[Event "GBR-ch 103th"]
[Site "Bournemouth"]
[Date "2016.07.28"]
[Round "4.6"]
[White "Gormally, Daniel W"]
[Black "Eggleston, David J"]
[Result "1/2-1/2"]
[WhiteElo "2494"]
[BlackElo "2376"]
[PlyCount "46"]
[EventDate "2016.07.25"]
[EventType "swiss"]
[EventRounds "11"]
[EventCountry "GBR"]

1. e4 c5 2. Nf3 d6 3. Bb5+ Nd7 4. O-O Ngf6 5. Re1 a6 6. Bf1 g6 7. c3 Bg7 8. d4
cxd4 9. cxd4 O-O 10. Nc3 b5 11. e5 dxe5 12. dxe5 Ng4 13. Bf4 Bb7 14. h3 Bxf3
15. Qxf3 Ngxe5 16. Qg3 Nc6 17. Rad1 Qc8 18. Rc1 Nf6 19. Qf3 Nd4 20. Qe3 Nf5 21.
Qf3 Nd4 22. Qe3 Nf5 23. Qf3 Nd4 1/2-1/2

[Event "GBR-ch 103th"]
[Site "Bournemouth"]
[Date "2016.07.28"]
[Round "4.7"]
[White "Batchelor, Peter J"]
[Black "Emms, John M"]
[Result "1/2-1/2"]
[WhiteElo "2341"]
[BlackElo "2467"]
[PlyCount "164"]
[EventDate "2016.07.25"]
[EventType "swiss"]
[EventRounds "11"]
[EventCountry "GBR"]

1. Nf3 g6 2. d4 Bg7 3. c4 c5 4. e4 d6 5. Nc3 cxd4 6. Nxd4 Nc6 7. Be3 Nf6 8. Be2
O-O 9. O-O Bd7 10. Rc1 Nxd4 11. Bxd4 Bc6 12. f3 Nd7 13. Bxg7 Kxg7 14. Qd4+ e5
15. Qxd6 Qb6+ 16. c5 Qxb2 17. Bc4 Qb4 18. Bd5 Qxc5+ 19. Qxc5 Nxc5 20. Bxc6 bxc6
21. Ne2 Ne6 22. Rxc6 Rab8 23. Rc2 Rfd8 24. f4 exf4 25. Nxf4 Nxf4 26. Rxf4 Rb7
27. Kf2 Rd3 28. Rf3 Rd4 29. Re3 Ra4 30. Kf3 h5 31. h4 Rb6 32. a3 Rf6+ 33. Kg3
Re6 34. Kf3 Rea6 35. Rcc3 Kf6 36. Kf4 R4a5 37. g3 Ke6 38. Red3 f6 39. Rb3 g5+
40. Kf3 Ra4 41. Rdc3 R6a5 42. hxg5 fxg5 43. g4 hxg4+ 44. Kxg4 Rxe4+ 45. Kg3
Rea4 46. Rf3 Rf5 47. Rfc3 Rfa5 48. Rf3 Rd5 49. Rf8 Rdd4 50. Re8+ Kf7 51. Rbe3
Rd6 52. Rc8 Rda6 53. Rcc3 Kg6 54. Red3 Kh5 55. Re3 Rg4+ 56. Kh3 Raa4 57. Rc8
Rh4+ 58. Kg3 Rag4+ 59. Kf2 Rh2+ 60. Kf1 Rf4+ 61. Kg1 Rb2 62. Rc7 Rd4 63. Kf1
Rd1+ 64. Re1 Rdd2 65. Rxa7 Kh4 66. Rf7 g4 67. Rc1 Rd3 68. Rf2 Rbb3 69. Rh2+ Kg3
70. Kg1 Rxa3 71. Rg2+ Kh4 72. Rh2+ Kg3 73. Rg2+ Kh4 74. Rh2+ Kg5 75. Rc5+ Kf6
76. Rh6+ Kg7 77. Rb6 Rg3+ 78. Kh2 Rh3+ 79. Kg2 Ra2+ 80. Kg1 Rg3+ 81. Kf1 Rf3+
82. Kg1 Rg3+ 1/2-1/2

[Event "GBR-ch 103th"]
[Site "Bournemouth"]
[Date "2016.07.28"]
[Round "4.8"]
[White "Arkell, Keith C"]
[Black "Rudd, Jack"]
[Result "1-0"]
[WhiteElo "2455"]
[BlackElo "2213"]
[PlyCount "73"]
[EventDate "2016.07.25"]
[EventType "swiss"]
[EventRounds "11"]
[EventCountry "GBR"]

1. c4 Nf6 2. Nc3 e6 3. Nf3 d5 4. cxd5 exd5 5. d4 c6 6. Bg5 Be7 7. Qc2 g6 8. e3
Bf5 9. Bd3 Bxd3 10. Qxd3 Nbd7 11. Bh6 Ng4 12. Bf4 f5 13. h3 Ngf6 14. Ne5 Nxe5
15. Bxe5 Bd6 16. f4 Bxe5 17. fxe5 Nh5 18. O-O O-O 19. b4 a6 20. a4 Ng3 21. Rf3
Qg5 22. Ne2 Ne4 23. Rc1 Qe7 24. Rb1 g5 25. Ng3 g4 26. Nxf5 Qg5 27. hxg4 h5 28.
Rf4 Kh8 29. Rbf1 hxg4 30. Qe2 Rg8 31. g3 Rg6 32. Kg2 a5 33. Rh1+ Kg8 34. Rh4
Rf8 35. Nh6+ Rxh6 36. Rhxg4 axb4 37. Rxe4 1-0

[Event "GBR-ch 103th"]
[Site "Bournemouth"]
[Date "2016.07.28"]
[Round "4.9"]
[White "Palliser, Richard JD"]
[Black "Gill, Oliver"]
[Result "1-0"]
[WhiteElo "2422"]
[BlackElo "2102"]
[PlyCount "53"]
[EventDate "2016.07.25"]
[EventType "swiss"]
[EventRounds "11"]
[EventCountry "GBR"]

1. d4 d5 2. c4 Nc6 3. Nc3 Nf6 4. Nf3 dxc4 5. Bg5 h6 6. Bh4 Bg4 7. d5 Bxf3 8.
exf3 Ne5 9. f4 Nd3+ 10. Bxd3 cxd3 11. Qxd3 c6 12. Bxf6 gxf6 13. O-O-O Qc7 14.
Kb1 O-O-O 15. Nb5 Qd7 16. Qc2 Qxd5 17. Rxd5 Rxd5 18. Nxa7+ Kc7 19. a4 Kb6 20.
Nxc6 bxc6 21. Rc1 Rd6 22. Qc5+ Kc7 23. a5 Bg7 24. Qa7+ Kd8 25. a6 f5 26. Qb8+
Kd7 27. Qb7+ 1-0

[Event "GBR-ch 103th"]
[Site "Bournemouth"]
[Date "2016.07.28"]
[Round "4.10"]
[White "Brown, Martin"]
[Black "Fodor, Tamas Jr"]
[Result "0-1"]
[WhiteElo "2252"]
[BlackElo "2505"]
[PlyCount "72"]
[EventDate "2016.07.25"]
[EventType "swiss"]
[EventRounds "11"]
[EventCountry "GBR"]

1. e4 e5 2. Nf3 Nc6 3. d4 exd4 4. Nxd4 Bc5 5. Nb3 Bb6 6. Nc3 Nf6 7. Bg5 h6 8.
Bh4 d6 9. f3 Be6 10. Bb5 O-O 11. Bxc6 bxc6 12. Qd3 g5 13. Bg3 Nh5 14. O-O-O Qf6
15. Na4 Nxg3 16. hxg3 Bf2 17. g4 c5 18. Qc3 Qg7 19. Rh3 Rab8 20. Qd2 Rb4 21.
Qxf2 Rxa4 22. Kb1 Rb8 23. c3 Bxb3 24. axb3 Rxb3 25. Qc2 c4 26. Rd4 Rab4 27.
Rxc4 Rxb2+ 28. Qxb2 Rxc4 29. Kc2 Kh7 30. Qb3 Qd4 31. Rh1 Qc5 32. Rd1 a5 33. Kd3
d5 34. exd5 Qxd5+ 35. Kc2 Qe6 36. Qb5 Qe2+ 0-1

[Event "GBR-ch 103th"]
[Site "Bournemouth"]
[Date "2016.07.28"]
[Round "4.11"]
[White "Houska, Jovanka"]
[Black "Asenov, Pavel"]
[Result "1/2-1/2"]
[WhiteElo "2386"]
[BlackElo "2250"]
[PlyCount "59"]
[EventDate "2016.07.25"]
[EventType "swiss"]
[EventRounds "11"]
[EventCountry "GBR"]

1. d4 Nf6 2. Nf3 e6 3. c4 b6 4. g3 Ba6 5. b3 Bb4+ 6. Bd2 Be7 7. Nc3 O-O 8. e4
d5 9. Bd3 dxe4 10. Nxe4 Bb7 11. Qe2 Nbd7 12. Bc3 c5 13. O-O cxd4 14. Bxd4 Qc7
15. Rad1 h6 16. Nxf6+ Nxf6 17. Bxf6 Bxf6 18. Be4 Rad8 19. h4 Ba6 20. Bb1 Qc5
21. Nd2 Qe5 22. Ne4 Be7 23. f4 Qc7 24. h5 Bb7 25. Nf2 Bc5 26. Kh2 Rxd1 27. Rxd1
Rd8 28. Rxd8+ Qxd8 29. Be4 Qd4 30. Bxb7 1/2-1/2

[Event "GBR-ch 103th"]
[Site "Bournemouth"]
[Date "2016.07.28"]
[Round "4.12"]
[White "Oyama, Akito"]
[Black "Harvey, Marcus R"]
[Result "1/2-1/2"]
[WhiteElo "2183"]
[BlackElo "2324"]
[PlyCount "193"]
[EventDate "2016.07.25"]
[EventType "swiss"]
[EventRounds "11"]
[EventCountry "GBR"]

1. f4 d5 2. Nf3 Nf6 3. e3 Bg4 4. Be2 g6 5. b3 Bg7 6. Bb2 O-O 7. O-O c5 8. d3
Nc6 9. Ne5 Bxe2 10. Qxe2 Qc7 11. Nxc6 Qxc6 12. Nd2 Ne8 13. Bxg7 Nxg7 14. e4 e6
15. Nf3 Qc7 16. Ne5 f6 17. Ng4 h5 18. Ne3 dxe4 19. dxe4 Qc6 20. Nc4 b5 21. Nd2
c4 22. Nf3 Qc5+ 23. Qf2 Qxf2+ 24. Kxf2 cxb3 25. cxb3 Rfc8 26. Rac1 Kf8 27. Rfd1
Ke7 28. Nd4 e5 29. fxe5 fxe5 30. Nxb5 Ne6 31. Nc3 Nd4 32. Nd5+ Kd6 33. Ke3 g5
34. Rf1 Rxc1 35. Rxc1 Rf8 36. b4 g4 37. Rc7 h4 38. Rh7 h3 39. Rh6+ Kd7 40. Rh7+
Kd6 41. Rh6+ Kd7 42. gxh3 Rf3+ 43. Kd2 Rf2+ 44. Kd3 gxh3 45. Rxh3 Rxa2 46. Nc3
Rb2 47. Kc4 a6 48. Rh7+ Kc8 49. Nd5 Rc2+ 50. Kd3 Rc1 51. h4 Rd1+ 52. Kc3 Rc1+
53. Kd2 Rh1 54. h5 Nf3+ 55. Kd3 Ng5 56. Rh8+ Kd7 57. Nc3 Rh4 58. Rh6 Kc8 59.
Rxa6 Rxh5 60. Kc4 Rh2 61. Kd5 Kb7 62. Rf6 Rc2 63. Nb5 Nxe4 64. Kxe4 Rc4+ 65.
Kd5 Rxb4 66. Kc5 Rf4 67. Rh6 Kc8 68. Rh7 Kd8 69. Nd6 Rf1 70. Kd5 Rg1 71. Ne4
Kc8 72. Kc6 Kd8 73. Rd7+ Ke8 74. Ra7 Rd1 75. Nd6+ Kf8 76. Kd7 Kg7 77. Ke6+ Kg6
78. Ne4 Rb1 79. Ra2 Rb6+ 80. Nd6 Kg5 81. Rf2 Kg4 82. Kd5 e4 83. Nxe4 Rb5+ 84.
Kd4 Rb4+ 85. Kd3 Rb3+ 86. Nc3 Rb8 87. Nd5 Rd8 88. Kd4 Ra8 89. Rf7 Ra1 90. Ke4
Re1+ 91. Ne3+ Kg5 92. Rf3 Ra1 93. Rf5+ Kg6 94. Rf2 Re1 95. Rf3 Re2 96. Ke5 Ra2
97. Nd5 1/2-1/2